| 000 -LEADER |
| fixed length control field |
02457cam a2200433 a 4500 |
| 001 - CONTROL NUMBER |
| control field |
15031399 |
| 003 - CONTROL NUMBER IDENTIFIER |
| control field |
NUST |
| 005 - DATE AND TIME OF LATEST TRANSACTION |
| control field |
20220617150805.0 |
| 008 - FIXED-LENGTH DATA ELEMENTS--GENERAL INFORMATION |
| fixed length control field |
071002s2008 nyu 000 1 eng |
| 010 ## - LIBRARY OF CONGRESS CONTROL NUMBER |
| LC control number |
2007041098 |
| 020 ## - INTERNATIONAL STANDARD BOOK NUMBER |
| International Standard Book Number |
9780307263155 |
| 020 ## - INTERNATIONAL STANDARD BOOK NUMBER |
| International Standard Book Number |
0307263150 |
| 020 ## - INTERNATIONAL STANDARD BOOK NUMBER |
| International Standard Book Number |
9780307274816 |
| 020 ## - INTERNATIONAL STANDARD BOOK NUMBER |
| International Standard Book Number |
0307274810 |
| 035 ## - SYSTEM CONTROL NUMBER |
| System control number |
(OCoLC)ocn173683818 |
| 035 ## - SYSTEM CONTROL NUMBER |
| System control number |
(OCoLC)173683818 |
| 038 ## - RECORD CONTENT LICENSOR |
| Staff Name |
Arshad |
| 040 ## - CATALOGING SOURCE |
| Original cataloging agency |
DLC |
| Transcribing agency |
DLC |
| Modifying agency |
BAKER |
| -- |
BTCTA |
| -- |
JP3 |
| -- |
YDXCP |
| -- |
UPZ |
| -- |
MNL |
| -- |
C#P |
| -- |
DLC |
| 043 ## - GEOGRAPHIC AREA CODE |
| Geographic area code |
n-us-wa |
| 050 00 - LIBRARY OF CONGRESS CALL NUMBER |
| Classification number |
PS3557.U846 |
| Item number |
O75 2008 |
| 082 00 - DEWEY DECIMAL CLASSIFICATION NUMBER |
| Classification number |
813.54 |
| Author Mark |
GUT |
| 100 1# - MAIN ENTRY--PERSONAL NAME |
| Personal name |
Guterson, David. |
| 9 (RLIN) |
92057 |
| 245 14 - TITLE STATEMENT |
| Title |
The other / |
| Statement of responsibility, etc. |
David Guterson. |
| 250 ## - EDITION STATEMENT |
| Edition statement |
1st ed. |
| 260 ## - PUBLICATION, DISTRIBUTION, ETC. |
| Place of publication, distribution, etc. |
New York : |
| Name of publisher, distributor, etc. |
Alfred A. Knopf, |
| Date of publication, distribution, etc. |
2008. |
| 300 ## - PHYSICAL DESCRIPTION |
| Extent |
255 p. ; |
| Dimensions |
25 cm. |
| 520 ## - SUMMARY, ETC. |
| Summary, etc. |
When two boys--John William Barry and Neil Countryman-- meet in 1972 at age sixteen, they're brought together by what they have in common: a fierce intensity and a love of the outdoors that takes them, together and often, into Washington's remote backcountry, where they must rely on their wits--and each other--to survive. Soon after graduating from college, Neil sets out on a path that will lead him toward a life as a devoted schoolteacher and family man. But John Willliam makes a radically different choice, dropping out of college and moving deep into the woods, convinced that it is the only way to live without hypocrisy. When John enlists Neil to help him disappear completely, Neil finds himself drawn into a web of secrets and often agonizing responsibility, deceit, and tragedy--one that will finally break open with a wholly unexpected, life-altering revelation.--From publisher description. |
| 650 #0 - SUBJECT ADDED ENTRY--TOPICAL TERM |
| Topical term or geographic name entry element |
Male friendship |
| Form subdivision |
Fiction. |
| 9 (RLIN) |
3703 |
| 650 #0 - SUBJECT ADDED ENTRY--TOPICAL TERM |
| Topical term or geographic name entry element |
Recluses |
| Form subdivision |
Fiction. |
| 9 (RLIN) |
92058 |
| 651 #0 - SUBJECT ADDED ENTRY--GEOGRAPHIC NAME |
| Geographic name |
Washington (State) |
| Form subdivision |
Fiction. |
| 9 (RLIN) |
12824 |
| 655 #0 - INDEX TERM--GENRE/FORM |
| Genre/form data or focus term |
Psychological fiction. |
| 856 41 - ELECTRONIC LOCATION AND ACCESS |
| Materials specified |
Table of contents only |
| Uniform Resource Identifier |
<a href="http://www.loc.gov/catdir/toc/ecip081/2007041098.html">http://www.loc.gov/catdir/toc/ecip081/2007041098.html</a> |
| 856 42 - ELECTRONIC LOCATION AND ACCESS |
| Materials specified |
Contributor biographical information |
| Uniform Resource Identifier |
<a href="http://www.loc.gov/catdir/enhancements/fy0835/2007041098-b.html">http://www.loc.gov/catdir/enhancements/fy0835/2007041098-b.html</a> |
| 856 42 - ELECTRONIC LOCATION AND ACCESS |
| Materials specified |
Publisher description |
| Uniform Resource Identifier |
<a href="http://www.loc.gov/catdir/enhancements/fy0835/2007041098-d.html">http://www.loc.gov/catdir/enhancements/fy0835/2007041098-d.html</a> |
| 856 41 - ELECTRONIC LOCATION AND ACCESS |
| Materials specified |
Sample text |
| Uniform Resource Identifier |
<a href="http://www.loc.gov/catdir/enhancements/fy0835/2007041098-s.html">http://www.loc.gov/catdir/enhancements/fy0835/2007041098-s.html</a> |
| 906 ## - LOCAL DATA ELEMENT F, LDF (RLIN) |
| a |
7 |
| b |
cbc |
| c |
orignew |
| d |
1 |
| e |
ecip |
| f |
20 |
| g |
y-gencatlg |
| 942 ## - ADDED ENTRY ELEMENTS (KOHA) |
| Source of classification or shelving scheme |
|
| Koha item type |
Book |